01383nam a22003857a 4500003000500000005001700005008004100022010001000063011001000073020001800083035001100101040000900112082001500121100002900136245007000165260004000235300003800275590004100313590004100354590004100395590004100436590004100477590004200518650003500560650002800595650002800623650002500651650003100676700003100707901000700738942001000745949008300755999001700838952014200855CHAP20220329143342.0081119s2007 us a r 00010 eng d a95399 a96371 a9780716799221 a107023 cCHAP04a612.8bK541 aKlein, Stephen B.96344110aBiological psychologyc/by Stephen B. Klein and B. Michael Thorne aNew York :bWorth Publishers,c2007 axxiii, 579 p. :bilus. ; gráfs. aBATCH-UPDb10c20130110lUCH01h0640 aBATCH-UPDb10c20130111lUCH01h0001 aBATCH-UPDb10c20130410lUCH01h0324 aBATCH-UPDb10c20130410lUCH01h1647 aBATCH-UPDb10c20130914lUCH01h1026 aCONVERSIONb10c20130109lUCH01h135314aConducta (Psicología)92634314aNeurobiología.98094614aPsicobiología.99259614aPsicología.99259714aSexualidad humana.91054271 aThorne, B. Michael9112967 aBK cLIBRO a612.8 K54bBCcLIBROd33724002068868eLIBROgI.c/eh109901i107023sit$857.78 c95399d95399 00102ddc4052708GRALaBCbBCcPP_GRALd2019-12-31eI.c/efLIBROl0o612.8 K54p33724002068868r2019-12-31 00:00:00w2019-12-31yLIBRO